| 000 | 00691nam a2200253 a 4500 | ||
|---|---|---|---|
| 008 | |||
| 020 | _a0435455192 (pbk.) | ||
| 049 | _aMAIN | ||
| 090 | _aQP36 STR | ||
| 100 | 1 | _aStrectch, Beryl | |
| 245 | 1 | 0 |
_aBTEC National Health Studies / _cBeryl Stretch...[et al.] |
| 260 |
_aOxford : _bHeinemann; _c2002. |
||
| 300 |
_aix, 534 p. : _bill. ; _c30cm. |
||
| 500 | _aIncludes index. | ||
| 504 | 0 | _a Includes bibliographical references. | |
| 650 | 1 | _aMedicine | |
| 650 | _aHealth | ||
| 650 | _aPhysiology. | ||
| 907 |
_a.b10247208 _b10-03-09 _c04-06-07 |
||
| 003 | |||
| 005 | 20230123134508.0 | ||
| 040 | _cNUST | ||
| 942 |
_cBOOKS _kQP36 STR |
||
| 999 |
_c166924 _d166924 |
||